|
|
|
|
| LEADER |
00726nam a2200229 a 4500 |
| 001 |
000071494 |
| 003 |
CZ BrMZK |
| 005 |
19960513143423.0 |
| 008 |
960610s1995 xo f slo d |
| 020 |
|
|
|a 80-85659-07-7
|
| 040 |
|
|
|a BOA001
|b cze
|
| 080 |
|
|
|a 658.155
|2 MRF
|
| 080 |
|
|
|a 330.13
|2 MRF
|
| 100 |
1 |
|
|a Chajdiak, Jozef,
|d 1952-
|7 xx0016335
|4 aut
|
| 245 |
1 |
0 |
|a Analýza rentability :
|b pyramídové modely /
|c Jozef Chajdiak.
|
| 260 |
|
|
|a Bratislava :
|b STATIS,
|c 1995
|
| 300 |
|
|
|a 99 s. :
|b il. ;
|c 30 cm
|
| 500 |
|
|
|a Bibliogr.
|
| 653 |
0 |
|
|a hospodárnost
|a rentabilita
|
| 910 |
|
|
|a BOA001
|b TK-A-0259.000
|
| 990 |
|
|
|a BK
|
| 996 |
7 |
|
|b 2620004118
|c TK-A-0259.000
|l MZK
|r Sklad / do 24 hodin
|n 13
|p kup
|w 000071494
|u 000010
|a 1
|e BOA001
|j MZK50
|s A
|